| 000 | 00592nam a2200229Ia 4500 | ||
|---|---|---|---|
| 008 | 160303s9999 xx 000 0 und d | ||
| 020 | _a971-08-6478-5 | ||
| 050 | _aFIL BF 121 | ||
| 050 | _b.Z85 2006 | ||
| 100 | _aZulueta, Francisco M. | ||
| 245 | _aGeneral psychology / | ||
| 245 | _cFrancisco M. Zulueta, Maricel S. Paraso. | ||
| 260 | _aMandaluyong: | ||
| 260 | _bNational Book Store, | ||
| 260 | _c2006 | ||
| 300 | _a474 pages : | ||
| 300 | _billustrations ; | ||
| 300 | _c22 cm. | ||
| 650 | _aPsychology -- | ||
| 650 | _aPsychology. | ||
| 650 | _xStudy and teaching. | ||
| 999 |
_c291131 _d291131 |
||